| 000 | 00731nas a2200265 4500 | ||
|---|---|---|---|
| 001 | BR8107311 | ||
| 003 | BR-BrBNA | ||
| 005 | 20231205084904.0 | ||
| 007 | ta | ||
| 008 | 230509b bl.|||p| |||| 00| 00por d | ||
| 040 |
_aBR-BrBNA _bpor _cBiblioteca Nacional de Agricultura |
||
| 041 | _a(Pt) | ||
| 072 | _aL74 | ||
| 100 | 1 | _aSobestiansky, J. | |
| 100 | 1 | _aWentz, I. | |
| 100 | 1 | _aSilveira, P.R. | |
| 100 | 1 | _aMunari, J. | |
| 245 | 1 | _aClaudicacoes e qualidades dos cascos [suino, Brasil] | |
| 650 | _aSUÍNO | ||
| 650 | _aCASCO | ||
| 650 | _aCLAUDICACAO | ||
| 773 | 0 |
_tAgroeste (Brazil) _xISSN 0102-1648 _g(Jul-Aug 1981), v. 1(8) p. 27-28 _wBR8107311 |
|
| 909 |
_a202311 _bLúcia _c55 _dLúcia Elande |
||
| 942 |
_2AGRIS _n0 _cANA |
||
| 999 |
_c107921 _d107921 |
||